| 000 | 01008cam a2200337 i 4500 | ||
|---|---|---|---|
| 001 | 768714001 | ||
| 003 | CO-MdFUSB | ||
| 005 | 20250507142037.0 | ||
| 007 | ta | ||
| 008 | 200527b ||||| |||| 00| 0 eng d | ||
| 020 | _a9780281062416 | ||
| 020 | _a0281062412 | ||
| 040 |
_aUKM _cCO-MdFUSB _dYDXCP _dCO-MdFUSB _bEspañol _erda |
||
| 041 | _aeng | ||
| 082 | 0 | 4 |
_224 _a241.642 _bH297q |
| 100 |
_aHarries, Richard, _eautor |
||
| 245 | 1 | 0 |
_aQuestions of life and death : _bchristian faith and medical intervention _c/ Richard Harries |
| 264 | 1 |
_aLondon : _bSPCK, _c[2010] |
|
| 264 | 4 | _c©2010 | |
| 300 |
_a144 páginas ; _c22 cm |
||
| 336 |
_2rdacontent _atexto _btxt |
||
| 337 |
_2rdamedia _asin mediación _bn |
||
| 338 |
_2rdacarrier _avolumen _bnc |
||
| 504 | _aIncluye bibliografias y referencias. | ||
| 505 | _aEl comienzo de la vida - El aborto - El final de la vida | ||
| 563 | _aRústico | ||
| 650 | 7 |
_aCristianismo _922 |
|
| 942 | _cBK | ||
| 945 | _aJTF-925 | ||
| 999 |
_c47152 _d47152 |
||